Conferencia Iaugural Educación para la vida: Un Desafío permanente a los sistemas educacionales de América Latina y El Caribe (Record no. 12252)

MARC details
000 -LEADER
campo de control de longitud fija 00447nam a2200133Ia 4500
001 - NÚMERO DE CONTROL
campo de control 2875
008 - DATOS DE LONGITUD FIJA--INFORMACIÓN GENERAL
campo de control de longitud fija 241024s9999 xx 000 0 und d
082 ## - NÚMERO DE LA CLASIFICACIÓN DECIMAL DEWEY
Número de clasificación [*SIN CLASIFICACION*]
100 ## - ENTRADA PRINCIPAL--NOMBRE DE PERSONA
Nombre de persona Velázquez Cabiella, Ena Elsa
245 #0 - MENCIÓN DEL TÍTULO
Título Conferencia Iaugural Educación para la vida: Un Desafío permanente a los sistemas educacionales de América Latina y El Caribe
260 ## - PUBLICACIÓN, DISTRIBUCIÓN, ETC.
Nombre del editor, distribuidor, etc. La Habana
Fecha de publicación, distribución, etc. 2013
901 ## - ELEMENTOS DE DATOS A LOCAL LDA (RLIN)
a 18/4/2013 11:30:43 a.m.

No items available.

© 2024. Todos los Derechos Reservados. Desarrollado por IDEICE